000 01163nam a2200217Ia 4500
003 OSt
005 20210923111454.0
008 210310s9999 ck ad gr 000 0 spa d
040 _aCO-JMCR
_cCO-JMCR
041 0 _aspa
082 0 4 _a338.48 /
_bF293c
_223
110 2 _aFederación Colombiana de Industrias Metalúrgicas
_eautor
_940701
245 1 6 _aDe la concertación a la nueva política industrial /
_cFederación Colombiana de Industrias Metalúrgicas
260 _aBogotá :
_bSena,
_c1995.
300 _a228 páginas :
_bilustraciones y gráficas en blanco y negro ;
_c25 cm.
505 0 _aBarranquilla como escenario de reflexión gremial. -- Competir en la apertura. -- De la concentración a la nueva política industrial. -- Mercosur en el contexto latinoamericano. -- Estrategia comercial, industrial, ambiental y de infraestructura para la competitividad. -- El gobierno y la industria se comprometen a controlar el contrabando, reducir la evasión de impuestos y capacitar a los trabajadores.
650 1 4 _aEstrategia comercial.
_940742
650 2 4 _aEstrategia industrial
_940703
650 2 4 _aEstrategia ambiental
_940743
942 _2ddc
_cBK
999 _c12508
_d12508